<?xml version="1.0" encoding="UTF-8"?><?xml-stylesheet type="text/xsl" href="static/style.xsl"?><OAI-PMH xmlns="http://www.openarchives.org/OAI/2.0/" xmlns:xsi="http://www.w3.org/2001/XMLSchema-instance" xsi:schemaLocation="http://www.openarchives.org/OAI/2.0/ http://www.openarchives.org/OAI/2.0/OAI-PMH.xsd"><responseDate>2026-05-17T19:59:01Z</responseDate><request verb="GetRecord" identifier="oai:recam.amb.cat:20.500.14439/4820" metadataPrefix="marc">https://recam.amb.cat/rest/oai/request</request><GetRecord><record><header><identifier>oai:recam.amb.cat:20.500.14439/4820</identifier><datestamp>2026-05-11T23:45:16Z</datestamp><setSpec>com_20.500.14439_123</setSpec><setSpec>col_20.500.14439_129</setSpec></header><metadata><record xmlns="http://www.loc.gov/MARC21/slim" xmlns:dcterms="http://purl.org/dc/terms/" xmlns:xsi="http://www.w3.org/2001/XMLSchema-instance" xmlns:doc="http://www.lyncode.com/xoai" xsi:schemaLocation="http://www.loc.gov/MARC21/slim http://www.loc.gov/standards/marcxml/schema/MARC21slim.xsd">
   <leader>00925njm 22002777a 4500</leader>
   <datafield ind2=" " ind1=" " tag="042">
      <subfield code="a">dc</subfield>
   </datafield>
   <datafield ind2=" " ind1=" " tag="720">
      <subfield code="a">Observatori Metropolità de l'Habitatge de Barcelona</subfield>
      <subfield code="e">author</subfield>
   </datafield>
   <datafield ind2=" " ind1=" " tag="260">
      <subfield code="c">2025-11-01</subfield>
   </datafield>
   <datafield ind2=" " ind1=" " tag="520">
      <subfield code="a">Arran de les relacions establertes el 2023 en l’elaboració del laboratori ‘Mapa de gestors d’habitatge social de la demarcació de Barcelona’, l’Observatori Metropolità de l’Habitatge de Barcelona (O-HB) i la Coordinadora de fundacions d’habitatge social (COHABITAC), decideixen unir forces per identificar tots els agents de Catalunya vinculats a la gestió, promoció i/o ús social de l’habitatge assequible. L’informe que aquí es presenta és el fruit de sumar el coneixement de 
les dues entitats i les dades facilitades per tots els agents del territori (vegeu contraportada). Es presenta una quantificació i classificació dels agents d’habitatge assequible, tot diferenciant el tipus, la naturalesa jurídica, el nombre 
d’habitatges (gestionats o en promoció) i l’àmbit d’actuació. El treball s’acompanya d’un annex detallat sobre la personalitat jurídica de les entitats i el territori concret en el qual operen.</subfield>
   </datafield>
   <datafield ind1="8" ind2=" " tag="024">
      <subfield code="a">https://hdl.handle.net/20.500.14439/4820</subfield>
   </datafield>
   <datafield tag="653" ind2=" " ind1=" ">
      <subfield code="a">Habitatge</subfield>
   </datafield>
   <datafield ind2="0" ind1="0" tag="245">
      <subfield code="a">Mapa d'agents d'habitatge assequible a Catalunya: 2n semestre 2025</subfield>
   </datafield>
</record></metadata></record></GetRecord></OAI-PMH>